000 00734nam a22002297a 4500
999 _c95222
_d95222
005 20260417135258.0
008 260407b ||||| |||| 00| 0 eng d
020 _a9798891616189
041 _aeng
082 0 0 _223
_a511.6
100 1 _aRogers, Timothy,
_eauthor.
245 _aDiscrete structures /
_cTimothy, Roger
264 1 _aJersey City, USA :
_bAlexis Press, LLC ,
_c2025.
300 _aX, 267 pages :
_bcolor illustrations ;
_c27 cm
336 _2rdacontent
_atext
_btxt
337 _2rdamedia
_aunmediated
_bn
338 _2rdacarrier
_avolume
_bnc
504 _aIncludes bibliographical references and index.
650 0 _aComputer science
_xMathematics.
650 0 _aLogic, Symbolic and mathematical
942 _2ddc
_cBK